Normal view MARC view

Entry Topical Term

Number of records used in: 1

001 - CONTROL NUMBER

  • control field: 26951

003 - CONTROL NUMBER IDENTIFIER

  • control field: OSt

005 - DATE AND TIME OF LATEST TRANSACTION

  • control field: 20210819154749.0

008 - FIXED-LENGTH DATA ELEMENTS

  • fixed length control field: 210819|| aca||aabn | a|a d

040 ## - CATALOGING SOURCE

  • Original cataloging agency: OSt
  • Transcribing agency: OSt

150 ## - HEADING--TOPICAL TERM

  • Topical term or geographic name entry element: Brexit, Constitution, Courts, Media, Public law

670 ## - SOURCE DATA FOUND

  • Source citation: Work cat.: (OSt): Davies, Gregory Wincott, Daniel 26950, Brexit, the press and the territorial constitution

Powered by Koha